000 00559nam a2200205Ia 4500
005 20250923144644.0
008 008 250917s9999 xx 000 0 eng d
037 _aTextual
040 _aDSWL
_beng
_cDSWL
041 _aeng
_2eng
084 _aY1594Z63, J4
_qDSWL
100 _aMasters, John
_9827057
245 0 _aBhowani Junction
_cby John Masters
260 _aLondon
_bLondon Michael Joseph
_c1957
300 _a367p.
365 _aINR
_b12
925 _g12
942 _cTEXL
_hY1594Z63, J4
999 _c1441686
_d1441686